000 00566nam a2200181 i 4500
001 149170
003 ES-MaACL
005 20250319063310.0
007 t|
008 071019s1972 sp ||||1| spa d
100 _aVelarde Fuertes, Juan,
_9236903
_d1927-2023
245 1 3 _aEl nacionalsindicalismo, cuarenta años después
_b: (análisis crítico) /
_cJuan Velarde Fuertes.
260 _a[Madrid :
_bEditora Nacional,
_c1972]
300 _a310 p. ;
_c18 cm.
852 _aES-MaACL
_jC-42496
_bR.80552
942 _2udc
999 _c149170
_d149170